000 00625cam a2200217 4500
008 000000n2000 000 0 eng u
020 _a0117024007
035 _a(Sirsi) u105288
050 _a692.5
110 _aCarillion Services
_93856
245 _aPSA schedule of rates for building works.
250 _a8th ed.
260 _aLondon
_bStationery Office
_c2000
300 _a628p. ; 30cm.
350 _a225.00
520 _aPrevious edition produced by TBV Surveying.
650 _aBUILT ENVIRONMENT-BUILDING COSTS
650 _aSCHEDULE OF RATES
690 _aBUILT ENVIRONMENT-BUILDING COSTS
942 _n0
999 _c100348
_d100348